Entry Konu Terimi
001 - KONTROL NUMARASI
- Kontrol alanı: 36489
003 - KONTROL NUMARASI KİMLİĞİ
- Kontrol alanı: TR-BiSEU
005 - SON İŞLEM TARİHİ VE ZAMANI
- Kontrol alanı: 20260207002040.0
008 - SABİT UZUNLUKTAKİ VERİ ÖGELERİ - GENEL BİLGİ
- Sabit uzunlukta kontrol alanı: 260207|| aca||aabn | a|a d
040 ## - KATALOGLAMA KAYNAĞI
- Özgün kataloglama kurumu: TR-BiSEU
- Çeviri kurumu: TR-BiSEU
150 ## - KONU BAŞLIKLARI - KONU TERİMİ
- Konu terimi: Avrupa Topluluğu--Ekonomik bütünleşme--Türkiye
670 ## - BİLGİNİN KAYNAĞI
- Bilginin alındığı kaynak: KOHA: (TR-BiSEU)15690: 1992 AT Tek Pazarının Üye Olmayan Ülkeler Üzerinde Etkileri: Türk Sanayii ve 1991 Avrupa Tek Pazarı (1991 : İstanbul) 36488, 1992 AT tek Pazarının üye olmayan ülkeler üzerinde etkileri :
